MDQL
is popping MORE tags! Check the
thread
!
Quizzes
Events
Quiz Creation
Community
Videos
Private Events
Remove Ads
Sign In
Join for FREE
Feedback
Dark Mode
Quiz Categories
Sports
Geography
Music
Movies
Television
Just For Fun
Miscellaneous
History
Literature
Language
Science
Gaming
Entertainment
Religion
Holiday
For Kids
Quiz Lab
Recent
Popular Today
Quiz Kudos Today
Editor Picks
Curator Picks
Quizzes by...
Day
Popularity
Type
Ratings
Length
Year
Community
Subscriptions
Recent Discussions
Orange Saloon
Badges
Playlists
Quests
Create
Leaderboards
Showdown
Live 5
Trivia Bingo
Activity
Puzzle Library
Sporcle Events
Private Events
Virtual Trivia
Globe League
Become a Host
Pub Owners
SporcleCon
Opinionation
Our Games
Videos
Blog
Mobile Apps
Partnerships
Remove Ads and Go Orange
Feedback
Sports
Athletes
MLB
NBA
NHL
NFL
Soccer
Sports Teams
WWE
NCAA
Football
Premier League
Basketball
Baseball
Hockey
Golf
Tennis
Cricket
Rugby
Auto Racing
Olympics
World Cup
Sports
Athletes
MLB
NBA
NHL
NFL
Soccer
Sports Teams
WWE
NCAA
Football
Premier League
Basketball
Baseball
Hockey
Golf
Tennis
Cricket
Rugby
Auto Racing
Olympics
World Cup
Random Quiz
Search Sporcle
×
Quiz Lab
Quiz Lab
Sports
champion
Type in answers that appear in a list
Type in answers that appear in a list
Classic
Best Score? Go Orange.
Current MMA Champions Stats
Can you name the Current MMA Champions in the UFC, Bellator, and Invicta?
By
DaiKaiju_Wicked
6m
21 Questions
2,204 Plays
2,204 Plays
2,204 Plays
Comments
Comments
Give Quiz Kudos
Give Quiz Kudos
-
- Ratings
hide this ad
Replay
Link that replays current quiz
Next Quiz
Link to next quiz in quiz playlist
You Got
0%
They Got
Avg Score
53%
Avg Friend Score
Upgrade to see
Score Distribution
Jump to the score distribution portion of the page
Score
0/21
Timer
06:00
1
Play Today
Title
Champion
% Correct
UFC Light Heavyweight Champion
Jon Jones
95.6%
UFC Middleweight Champion
Chris Weidman
88.7%
UFC Heavyweight Champion
Cain Velasquez
86.5%
UFC Featherweight Champion
Jose Aldo
84.2%
UFC Lightweight Champion
Anthony Pettis
83.9%
UFC Flyweight Champion
Demetrious Johnson
75.2%
UFC Women's Bantamweight Champion
Ronda Rousey
73.7%
UFC Bantamweight Champion
TJ Dillashaw
72.6%
UFC Welterweight Champion
Johny Hendricks
63.1%
Bellator Lightweight Champion
Eddie Alvarez
48.4%
Invicta Featherweight Champion
Cristiane Justino
32%
Title
Champion
% Correct
Bellator Featherweight Champion
Pat Curran
30.6%
Invicta Atomweight Champion
Michelle Waterson
22.6%
Bellator Interim Lightweight Champion
Will Brooks
21.6%
Bellator Welterweight Champion
Douglas Lima
21.5%
Bellator Middleweight Champion
Alexander Shlemenko
20.5%
Bellator Heavyweight Champion
Vitaly Minakov
19.1%
Bellator Light Heavyweight Champion
Emanuel Newton
17.1%
Bellator Bantamweight Champion
Eduardo Dantas
16.2%
Invicta Flyweight Champion
Barb Honchack
5%
Invicta Bantamweight Champion
Lauren Murphy
4.5%
Quiz Playlist
Details
Report
Send in Message
Add To Playlist
Classic:
Type in answers that appear in a list
Last Updated: Feb 16, 2017
Quiz Scoreboard
CHALLENGE
Sign Up to Join the Scoreboard
Show All
Scores
Hide
Comments
May contain spoilers
Recently Published
Street Fighter Characters
by Artimus82
Gaming
60s
9x9 Crossword: Cartoon Network
by jackfrog10
Miscellaneous
3m
College Basketball Coaching Resumes
by pancakes188
Sports
9m
More to Explore
Quiz From the Vault
Featured Blog Post
Where Did the Easter Bunny Come From?
hide this ad
You Might Also Like...
Tags
champion
major
MMA
MMA Champions
promotion
UFC
Today's Top Quizzes in Sports
Browse Sports
hide this ad
Today's Top Quizzes in champion
Browse champion
Top Contributed Quizzes in Sports
1
2022 World Cup Stars
2
Les meilleurs buteurs des matchs entre le PSG et l’OM
3
FIFA Club World Cup Champions
4
Les entraîneurs de l'OM et du PSG au 21e siècle
5
Criteria MLB: Left Handed Sluggers
6
2023 MLB Unique Player Accomplishments
7
AFC Teams Reveal (Wrong Answers Minefield)
8
5-to-1: FBS Animal Nicknames
9
Players with Multiple 50 Home Run Seasons
10
5-to-1: UK Sports Teams
Explore More
Trending Topics
Crossword
Anime
Kpop
NBA
Disney
Harry Potter
Marvel
Country
WWE
Soccer
Puzzle
Song
The Office
Pokémon
NFL
hide this ad
More By:
DaiKaiju_Wicked
Quiz
Plays
Rating
Category
Featured
Created
DC vs. Marvel: Who Came First?
31,188
4.20
Entertainment
Jun 9, 2014
Major North American Sport Franchises (Big 5)
4,984
3.80
Sports
Apr 27, 2014
Current MMA Champions
2,204
3.60
Sports
Feb 6, 2010
DC vs. Marvel: Who Came First? Part 2
1,535
4.27
Entertainment
Aug 3, 2014
UFC Championship History
986
4.17
Sports
Dec 28, 2009
Go to Creator's Profile
Score Distribution
Quiz Creator Spotlight
DaiKaiju_Wicked
Follow
Send a Message
Quizzes Created
-
Created Quiz Play Count
-
More By This Creator
Popular Quizzes Today
1
Find the US States - No Outlines Minefield
2
Find the Countries of Europe - No Outlines Minefield
3
The Countries of the World
4
Find the US States
5
Risky Map Clicking: Biggest States A-Z
6
US States
7
Popular People in 1961
8
Movies - When Are They Set?
More Sports Quizzes
40 HR Seasons at Different Positions
Quiz Lab
Trending Quizzes
Risky Map Clicking: Least Populous States A-Z
Countries of the World: 200 Million BC
Billboard Blitz: Aretha Franklin
1-10 Letter G Words
Famous Russians: Author or Composer?
Recently Updated
Leaping Animals
pecheneg
Reality TV Shows (A-Z)
bhenderson79
Rickey Henderson's Hall of Fame Teammates
pecheneg
Champions League XIs: Arsenal
pecheneg
Quick Pick: Celebrities in WWE's Hall of Fame
aduchscher
A-Z Keypad Blitz II
pecheneg
Multiple Oscar Actors
pecheneg
Mystery Phrase Blitz: Oscar 'Best Actors'
pecheneg
F. Scott Fitzgerald Novels
LTH
Pick 3 Villains
ddd62291
Trending Topics
NBA
Crossword
Marvel
Anime
Harry Potter
Kpop
Disney
The Office
WWE
Pokémon
Soccer
Song
Country
Puzzle
NFL
Your Account Isn't Verified!
In order to create a playlist on Sporcle, you need to verify the email address you used during registration. Go to your
Sporcle Settings
to finish the process.
Report this User
Report this user for behavior that violates our
Community Guidelines
.
Details:
Send Report
Go to the Sporcle.com Mobile Site →
Comments